000 00640nam a2200193 i 4500
001 10657
003 ES-MaACL
005 20230906145930.0
007 t|
008 950929s1995 sp ||||1| spa d
020 _a84-260-2833-0
080 _a330.534(460)
245 0 0 _aContabilidad nacional de España
_b: base 1986 : serie contable 1988-1993 y tabla input-output 1990.
260 _aMadrid :
_bInstituto Nacional de Estadística,
_c1995.
300 _a486 p. ;
_c30 cm.
650 4 _aContabilidad nacional-
_zEspaña.
_911312
710 2 _aInstituto Nacional de Estadística (España)
_95162
852 _aES-MaACL
_jL-18055
_bR.124303
999 _c10657
_d10657